Trouvez la station - Métro de Paris #3 - Statistiques

Statistiques générales
  • Ce quiz a été pris 76 fois
  • Le résultat moyen est 12 sur 15
Statistiques - réponses
Question Réponse % Correct
Les villes italiennes Rome
91%
Les présidents des États-Unis d'Amérique Franklin D. Roosevelt
90%
Les biologistes français des XVIIIe et XIXe siècles Jussieu
89%
Les assemblées sous la Révolution française Convention
87%
Les jours de naissance des républiques françaises Quatre-Septembre
87%
Les fleuves du Proche-Orient Jourdain
83%
Les mairies des communes limitrophes Mairie de Saint-Ouen
83%
Les membres du gouvernement provisoire de 1848 Louis Blanc
81%
Les ponts de Paris Pont Neuf
80%
Les membres du gouvernement de Front populaire Marx Dormoy
77%
Les places de Paris Place des Fêtes
71%
Les hôpitaux de Paris Hôpital Bicêtre
67%
Les communes annexées à Paris en 1860 La Chapelle
63%
Les batailles napoléoniennes Iéna
56%
Les chanteurs français Serge Gainsbourg
56%
Aucun quiz correspondant
Distribution des résultats
% des personnes avec chaque résultat
Percentile par nombre de réponses
Votre historique - résultats
Vous n’avez pas pris ce quiz